Apéndice a la Ley Provincial de 29 de agosto de 1882 / publicada por Eusebio Freixa y Rabasó
Publicado:
[s.l., s.n., s.a.] :
Descripción Física:
55 p. ; 20 cm
MARC
| LEADER | 00000nam a2200000Ia 4500 | ||
|---|---|---|---|
| 001 | 11949 | ||
| 008 | 160829s9999 xx 000 0 cat d | ||
| 080 | |a D-1-162 | ||
| 100 | |a Freixa y Rabasó, Eusebio |9 30454 | ||
| 245 | |a Apéndice a la Ley Provincial de 29 de agosto de 1882 / publicada por Eusebio Freixa y Rabasó | ||
| 260 | |a [s.l., s.n., s.a.] | ||
| 300 | |a 55 p. ; |c 20 cm | ||
| 590 | |a A la coberta: 'concordada con la de 2 de octubre de 1877, y anotada con las variantes introducidas en ella por la electoral de 26 de junio de 1890 y Real Decreto de 5 de noviembre del mismo año' | ||
| 650 | |a Espanya. lleis, etc. |9 46837 | ||
| 650 | |a Espanya. Ley Províncial (1882) |9 30456 | ||
| 901 | |a Arxiu | ||
| 942 | |n 1 | ||
| 952 | |0 0 |1 0 |4 0 |6 D1162 |7 1 |9 45426 |a Arxiu |b Arxiu |d 2016-12-01 |l 0 |o D-1-162 |p 11949 |r 2016-12-01 00:00:00 |w 2016-12-01 |y ARXIU | ||
| 999 | |c 48533 |d 48533 | ||